00307nam a22001217a 450000500170000002000100001703500230002703700130005010000180006324500340008126000510011530000190016620180814132419.0 c50.00 aA-947099, A-947100 aDPLbENG aKishore, B.R. aAtharvveda /cby B.R. Kishore aNew DelhibDiamond Pocket Books (P) Ltd.c1998 a160p.c20 cms.